<?xml version="1.0" encoding="UTF-8"?>
<record
    xmlns:xsi="http://www.w3.org/2001/XMLSchema-instance"
    xsi:schemaLocation="http://www.loc.gov/MARC21/slim http://www.loc.gov/standards/marcxml/schema/MARC21slim.xsd"
    xmlns="http://www.loc.gov/MARC21/slim">

  <leader>00773nab a2200229 uc4500</leader>
  <controlfield tag="001">668841</controlfield>
  <controlfield tag="005">20240201163614.0</controlfield>
  <controlfield tag="008">010603e20010301                    spa  </controlfield>
  <datafield tag="035" ind1=" " ind2=" ">
    <subfield code="a">668841</subfield>
  </datafield>
  <datafield tag="035" ind1=" " ind2=" ">
    <subfield code="a">(OCoLC)819909013</subfield>
  </datafield>
  <datafield tag="040" ind1=" " ind2=" ">
    <subfield code="c">comduadb</subfield>
  </datafield>
  <datafield tag="041" ind1=" " ind2=" ">
    <subfield code="a">spa</subfield>
  </datafield>
  <datafield tag="100" ind1="1" ind2="0">
    <subfield code="a">Camberos C., Mario</subfield>
    <subfield code="4">aut</subfield>
    <subfield code="e">aut</subfield>
    <subfield code="9">340899</subfield>
  </datafield>
  <datafield tag="245" ind1="1" ind2="0">
    <subfield code="a">Capacidad de consumo y bienestar de los hogares de Mexico y de la frontera norte</subfield>
  </datafield>
  <datafield tag="650" ind1=" " ind2=" ">
    <subfield code="a">Familia - Mexico</subfield>
    <subfield code="9">5396</subfield>
  </datafield>
  <datafield tag="650" ind1=" " ind2=" ">
    <subfield code="a">Familia - Aspectos socioecon&#xF3;micos</subfield>
    <subfield code="9">7998</subfield>
  </datafield>
  <datafield tag="650" ind1=" " ind2="7">
    <subfield code="a">Calidad de vida</subfield>
    <subfield code="2">lemb</subfield>
    <subfield code="9">2743</subfield>
  </datafield>
  <datafield tag="650" ind1=" " ind2=" ">
    <subfield code="a">Pobreza - M&#xE9;xico</subfield>
    <subfield code="9">4980</subfield>
  </datafield>
  <datafield tag="650" ind1=" " ind2=" ">
    <subfield code="a">Ingresos familiares</subfield>
    <subfield code="9">120289</subfield>
  </datafield>
  <datafield tag="773" ind1="0" ind2=" ">
    <subfield code="t">Comercio Exterior (M&#xE9;xico)</subfield>
    <subfield code="g">Vol. 51, No. 03, Mar. 2001, p. 203-210</subfield>
    <subfield code="w">193273</subfield>
    <subfield code="x">0185-0601</subfield>
    <subfield code="0">84131</subfield>
  </datafield>
  <datafield tag="942" ind1=" " ind2=" ">
    <subfield code="c">ARIMP</subfield>
  </datafield>
  <datafield tag="999" ind1=" " ind2=" ">
    <subfield code="c">202999</subfield>
    <subfield code="d">202999</subfield>
  </datafield>
</record>
